Carlos Alcaraz Grand Slam Finals - Statistics

General Stats
  • This quiz has been taken 114 times
  • The average score is 6 of 6
Answer Stats
Result Final Answer % Correct
Won 2025 French Open Jannik Sinner
100%
Lost 2025 Wimbledon Jannik Sinner
100%
Won 2023 Wimbledon Novak Djokovic
99%
Won 2024 Wimbledon Novak Djokovic
99%
Won 2024 French Open Alexander Zverev
90%
Won 2022 US Open Casper Ruud
78%
No matching quizzes found
Score Distribution
Percent of People with Each Score
Percentile by Number Answered
Your Score History
You have not taken this quiz